000 00900nam a22002657a 4500
005 20240530110925.0
008 220221s2007 ua c g b 000 0 ara d
040 _aEG-CaGPL
_cEG-CaGPL
082 0 4 _221
_a347.014 /
_bش ا
100 0 _aشريف يونس
245 1 0 _aاستقلال القضاء /
_cشريف يونس
250 _aط.1
260 _aالقاهرة :
_bمركز القاهرة لدراسات حقوق الانسان ،
_c2007
300 _a85 ص؛
_c20 سم
490 0 _aسلسلة تعليم حقوق الانسان ؛
_v11
650 0 7 _aالقضاء
_2qrmak
650 0 7 _aالحصانة القضائية
_2qrmak
650 0 7 _aالمحاماه
_2qrmak
650 0 7 _aالمحاكم
_2qrmak
650 0 7 _aالعدل
_2qrmak
650 0 7 _2القانون
_zمصر
651 _2القانون
_aمصر
942 _2ddc
_cBK
999 _c66554
_d66554